Teen Wolf Cast - Statistics

General Stats
  • This quiz has been taken 340 times
  • The average score is 10 of 14
Answer Stats
Picture Answer % Correct
Dylan O'Brien
99%
Tyler Posey
97%
Crystal Reed
84%
Holland Roden
81%
Dylan Sprayberry
77%
Tyler Hoechlin
77%
Daniel Sharman
66%
Colton Haynes
65%
Max Carver
62%
Charlie Carver
61%
Cody Christian
61%
JR Bourne
60%
Melissa Ponzio
60%
Linden Ashby
49%
No matching quizzes found
Score Distribution
Percent of People with Each Score
Percentile by Number Answered
Your Score History
You have not taken this quiz